[Event "DVM U20 2020"]
[Site "Willingen GER"]
[Date "2021.06.25"]
[Round "3"]
[White "Kartsev, Nikolay"]
[Black "Biermann, Lenhard"]
[Result "1/2-1/2"]
[Termination "normal"]
[Board "4.3"]
[WhiteElo "2043"]
[BlackElo "2083"]
[WhiteClock "00:02:31"]
[BlackClock "00:01:42"]
[WhiteTeam "Schachfreunde Brackel 1930 e. V."]
[BlackTeam "Schachgesellschaft Bochum 1931"]
[PlyCount "120"]
[WhiteFideId "12939536"]
[BlackFideId "12970077"]
[EventCountry "GER"]
[EventRounds "7"]
[EventType "team-swiss"]
[EventDate "2021.06.23"]

1. e4 {[%clk 01:30:20]} {[%emt 00:00:40]} e6 {[%clk 01:30:59]} {[%emt
00:00:02]} 2. d4 {[%clk 01:30:46]} {[%emt 00:00:05]} d5 {[%clk 01:31:24]}
{[%emt 00:00:04]} 3. e5 {[%clk 01:31:14]} {[%emt 00:00:03]} c5 {[%clk
01:31:47]} {[%emt 00:00:06]} 4. c3 {[%clk 01:31:41]} {[%emt 00:00:03]} Nc6
{[%clk 01:32:12]} {[%emt 00:00:04]} 5. Nf3 {[%clk 01:32:08]} {[%emt 00:00:03]}
Nh6 {[%clk 01:32:37]} {[%emt 00:00:06]} 6. Bd3 {[%clk 01:32:12]} {[%emt
00:00:26]} cxd4 {[%clk 01:31:44]} {[%emt 00:01:23]} 7. cxd4 {[%clk 01:32:31]}
{[%emt 00:00:10]} Nf5 {[%clk 01:32:10]} {[%emt 00:00:05]} 8. Bxf5 {[%clk
01:29:36]} {[%emt 00:03:25]} exf5 {[%clk 01:32:38]} {[%emt 00:00:02]} 9. O-O
{[%clk 01:28:11]} {[%emt 00:01:54]} Be6 {[%clk 01:32:09]} {[%emt 00:00:59]} 10.
a3 {[%clk 01:27:02]} {[%emt 00:01:39]} Be7 {[%clk 01:30:46]} {[%emt 00:01:53]}
11. b4 {[%clk 01:26:35]} {[%emt 00:00:56]} h6 {[%clk 01:28:18]} {[%emt
00:03:00]} 12. b5 {[%clk 01:20:43]} {[%emt 00:06:21]} Na5 {[%clk 01:23:06]}
{[%emt 00:05:42]} 13. a4 {[%clk 01:19:58]} {[%emt 00:01:15]} Nc4 {[%clk
01:15:47]} {[%emt 00:07:49]} 14. Nfd2 {[%clk 01:11:57]} {[%emt 00:08:30]} Rc8
{[%clk 01:06:41]} {[%emt 00:09:37]} 15. Na3 {[%clk 01:08:00]} {[%emt 00:04:26]}
O-O {[%clk 00:59:01]} {[%emt 00:08:11]} 16. Qf3 {[%clk 00:59:53]} {[%emt
00:08:36]} Bxa3 {[%clk 00:52:33]} {[%emt 00:06:58]} 17. Rxa3 {[%clk 00:53:47]}
{[%emt 00:06:37]} Nxa3 {[%clk 00:51:14]} {[%emt 00:01:49]} 18. Bxa3 {[%clk
00:54:14]} {[%emt 00:00:03]} Re8 {[%clk 00:50:59]} {[%emt 00:00:46]} 19. Qb3
{[%clk 00:41:57]} {[%emt 00:12:46]} b6 {[%clk 00:48:24]} {[%emt 00:03:06]} 20.
f4 {[%clk 00:38:26]} {[%emt 00:04:01]} Qc7 {[%clk 00:34:25]} {[%emt 00:14:28]}
21. Rc1 {[%clk 00:33:29]} {[%emt 00:05:28]} Qb7 {[%clk 00:34:33]} {[%emt
00:00:21]} 22. Rd1 {[%clk 00:30:32]} {[%emt 00:03:27]} Qc7 {[%clk 00:31:55]}
{[%emt 00:03:08]} 23. Rc1 {[%clk 00:30:38]} {[%emt 00:00:24]} Qb7 {[%clk
00:32:18]} {[%emt 00:00:07]} 24. Rd1 {[%clk 00:31:00]} {[%emt 00:00:09]} Ra8
{[%clk 00:32:43]} {[%emt 00:00:04]} 25. Bd6 {[%clk 00:26:36]} {[%emt 00:04:54]}
Rec8 {[%clk 00:31:20]} {[%emt 00:01:53]} 26. Nf1 {[%clk 00:24:46]} {[%emt
00:02:20]} a6 {[%clk 00:29:07]} {[%emt 00:02:43]} 27. Ne3 {[%clk 00:24:29]}
{[%emt 00:00:48]} axb5 {[%clk 00:28:43]} {[%emt 00:00:54]} 28. axb5 {[%clk
00:24:50]} {[%emt 00:00:08]} Ra5 {[%clk 00:27:18]} {[%emt 00:01:54]} 29. g4
{[%clk 00:21:40]} {[%emt 00:03:41]} g6 {[%clk 00:23:49]} {[%emt 00:03:59]} 30.
gxf5 {[%clk 00:17:27]} {[%emt 00:04:44]} gxf5 {[%clk 00:24:16]} {[%emt
00:00:03]} 31. Kh1 {[%clk 00:17:48]} {[%emt 00:00:07]} Kh8 {[%clk 00:23:15]}
{[%emt 00:01:32]} 32. Rg1 {[%clk 00:11:30]} {[%emt 00:06:48]} Raa8 {[%clk
00:16:16]} {[%emt 00:07:28]} 33. Qd1 {[%clk 00:07:11]} {[%emt 00:04:50]} Rg8
{[%clk 00:05:00]} {[%emt 00:11:46]} 34. Qh5 {[%clk 00:07:16]} {[%emt 00:00:25]}
Rxg1+ {[%clk 00:05:24]} {[%emt 00:00:07]} 35. Kxg1 {[%clk 00:07:43]} {[%emt
00:00:03]} Rg8+ {[%clk 00:05:28]} {[%emt 00:00:25]} 36. Kf2 {[%clk 00:07:39]}
{[%emt 00:00:34]} Rg6 {[%clk 00:05:25]} {[%emt 00:00:33]} 37. Qh4 {[%clk
00:02:51]} {[%emt 00:05:16]} Qd7 {[%clk 00:04:16]} {[%emt 00:01:40]} 38. Kf3
{[%clk 00:00:34]} {[%emt 00:02:48]} Kh7 {[%clk 00:04:41]} {[%emt 00:00:05]} 39.
Qe7 {[%clk 00:00:37]} {[%emt 00:00:26]} Qxe7 {[%clk 00:03:26]} {[%emt
00:01:47]} 40. Bxe7 {[%clk 00:01:05]} {[%emt 00:00:02]} Rg8 {[%clk 00:03:13]}
{[%emt 00:00:41]} 41. Nd1 {[%clk 00:25:21]} {[%emt 00:06:15]} Rc8 {[%clk
00:31:05]} {[%emt 00:02:38]} 42. Ke3 {[%clk 00:23:18]} {[%emt 00:02:33]} Bd7
{[%clk 00:30:01]} {[%emt 00:01:34]} 43. Kd2 {[%clk 00:22:11]} {[%emt 00:01:37]}
Bxb5 {[%clk 00:06:59]} {[%emt 00:23:31]} 44. Ne3 {[%clk 00:22:22]} {[%emt
00:00:19]} Bc6 {[%clk 00:07:05]} {[%emt 00:00:25]} 45. Nxf5 {[%clk 00:21:56]}
{[%emt 00:00:56]} Ra8 {[%clk 00:07:01]} {[%emt 00:00:33]} 46. h4 {[%clk
00:16:05]} {[%emt 00:06:22]} Bd7 {[%clk 00:05:42]} {[%emt 00:01:48]} 47. Ne3
{[%clk 00:15:09]} {[%emt 00:01:26]} Bc6 {[%clk 00:05:44]} {[%emt 00:00:29]} 48.
Nf5 {[%clk 00:15:32]} {[%emt 00:00:07]} Ra2+ {[%clk 00:05:06]} {[%emt
00:01:07]} 49. Kd3 {[%clk 00:15:49]} {[%emt 00:00:14]} Kg6 {[%clk 00:02:26]}
{[%emt 00:03:10]} 50. Ne3 {[%clk 00:13:00]} {[%emt 00:03:19]} Ra8 {[%clk
00:01:28]} {[%emt 00:01:28]} 51. f5+ {[%clk 00:08:07]} {[%emt 00:05:24]} Kh7
{[%clk 00:01:38]} {[%emt 00:00:19]} 52. h5 {[%clk 00:05:57]} {[%emt 00:02:40]}
Ra1 {[%clk 00:00:42]} {[%emt 00:01:27]} 53. f6 {[%clk 00:05:16]} {[%emt
00:01:11]} Kg8 {[%clk 00:00:34]} {[%emt 00:00:37]} 54. Nf5 {[%clk 00:05:33]}
{[%emt 00:00:12]} Bb5+ {[%clk 00:00:40]} {[%emt 00:00:25]} 55. Kc3 {[%clk
00:04:54]} {[%emt 00:01:09]} Be8 {[%clk 00:01:01]} {[%emt 00:00:09]} 56. Nxh6+
{[%clk 00:04:26]} {[%emt 00:00:58]} Kh7 {[%clk 00:01:30]} {[%emt 00:00:02]} 57.
Nf5 {[%clk 00:04:27]} {[%emt 00:00:28]} Bd7 {[%clk 00:01:28]} {[%emt 00:00:32]}
58. Nd6 {[%clk 00:03:07]} {[%emt 00:01:50]} Be6 {[%clk 00:01:33]} {[%emt
00:00:26]} 59. Ne8 {[%clk 00:02:23]} {[%emt 00:01:12]} Rh1 {[%clk 00:01:32]}
{[%emt 00:00:32]} 60. Ng7 {[%clk 00:02:31]} {[%emt 00:00:21]} Kg8 {[%clk
00:01:42]} {[%emt 00:00:21]} *

[Event "DVM U20 2020"]
[Site "Willingen GER"]
[Date "2021.06.25"]
[Round "3"]
[White "Prieb, Robert"]
[Black "Skabs, Denis"]
[Result "1/2-1/2"]
[Termination "normal"]
[Board "4.4"]
[WhiteTitle "CM"]
[WhiteElo "2040"]
[BlackElo "1939"]
[WhiteClock "00:43:10"]
[BlackClock "00:56:04"]
[WhiteTeam "Schachgesellschaft Bochum 1931"]
[BlackTeam "Schachfreunde Brackel 1930 e. V."]
[PlyCount "44"]
[WhiteFideId "16212002"]
[BlackFideId "16248449"]
[EventCountry "GER"]
[EventRounds "7"]
[EventType "team-swiss"]
[EventDate "2021.06.23"]

1. d4 {[%clk 01:30:57]} {[%emt 00:00:03]} d5 {[%clk 01:30:55]} {[%emt
00:00:05]} 2. c4 {[%clk 01:31:17]} {[%emt 00:00:10]} e6 {[%clk 01:31:20]}
{[%emt 00:00:05]} 3. Nf3 {[%clk 01:31:32]} {[%emt 00:00:15]} Nf6 {[%clk
01:31:43]} {[%emt 00:00:07]} 4. Nc3 {[%clk 01:31:49]} {[%emt 00:00:12]} c5
{[%clk 01:31:48]} {[%emt 00:00:26]} 5. cxd5 {[%clk 01:31:53]} {[%emt 00:00:26]}
cxd4 {[%clk 01:31:39]} {[%emt 00:00:39]} 6. Qxd4 {[%clk 01:31:19]} {[%emt
00:01:04]} exd5 {[%clk 01:32:01]} {[%emt 00:00:08]} 7. e4 {[%clk 01:30:06]}
{[%emt 00:01:42]} Nc6 {[%clk 01:28:47]} {[%emt 00:03:45]} 8. Bb5 {[%clk
01:28:49]} {[%emt 00:01:47]} dxe4 {[%clk 01:29:04]} {[%emt 00:00:14]} 9. Qxd8+
{[%clk 01:27:14]} {[%emt 00:02:04]} Kxd8 {[%clk 01:29:24]} {[%emt 00:00:10]}
10. Ng5 {[%clk 01:25:04]} {[%emt 00:02:39]} Be6 {[%clk 01:29:47]} {[%emt
00:00:08]} 11. Nxe6+ {[%clk 01:20:43]} {[%emt 00:04:51]} fxe6 {[%clk 01:29:57]}
{[%emt 00:00:21]} 12. Bxc6 {[%clk 01:21:00]} {[%emt 00:00:12]} bxc6 {[%clk
01:30:21]} {[%emt 00:00:06]} 13. Bg5 {[%clk 01:20:48]} {[%emt 00:00:41]} Kc7
{[%clk 01:20:32]} {[%emt 00:10:20]} 14. O-O-O {[%clk 01:15:23]} {[%emt
00:05:55]} Bc5 {[%clk 01:14:59]} {[%emt 00:06:03]} 15. Bxf6 {[%clk 01:04:22]}
{[%emt 00:11:30]} gxf6 {[%clk 01:15:21]} {[%emt 00:00:09]} 16. Nxe4 {[%clk
01:04:44]} {[%emt 00:00:08]} Be7 {[%clk 01:15:23]} {[%emt 00:00:28]} 17. Kc2
{[%clk 01:00:52]} {[%emt 00:04:23]} Rhg8 {[%clk 01:10:20]} {[%emt 00:05:32]}
18. g3 {[%clk 00:55:29]} {[%emt 00:05:54]} Rad8 {[%clk 01:08:10]} {[%emt
00:02:39]} 19. Nc3 {[%clk 00:51:01]} {[%emt 00:04:58]} Bc5 {[%clk 00:59:07]}
{[%emt 00:09:33]} 20. Ne4 {[%clk 00:46:26]} {[%emt 00:05:05]} Be7 {[%clk
00:55:49]} {[%emt 00:03:48]} 21. Nc3 {[%clk 00:43:07]} {[%emt 00:03:48]} Bc5
{[%clk 00:55:44]} {[%emt 00:00:35]} 22. Ne4 {[%clk 00:43:10]} {[%emt 00:00:28]}
Be7 {[%clk 00:56:04]} {[%emt 00:00:10]} 1/2-1/2

[Event "DVM U20 2020"]
[Site "Willingen GER"]
[Date "2021.06.25"]
[Round "3"]
[White "Seref, Erdogan"]
[Black "Klugstedt, Vincent"]
[Result "1/2-1/2"]
[Termination "normal"]
[Board "4.5"]
[WhiteElo "1985"]
[BlackElo "1928"]
[WhiteClock "00:17:37"]
[BlackClock "00:45:01"]
[WhiteTeam "Schachfreunde Brackel 1930 e. V."]
[BlackTeam "Schachgesellschaft Bochum 1931"]
[PlyCount "114"]
[WhiteFideId "16206827"]
[BlackFideId "16216393"]
[EventCountry "GER"]
[EventRounds "7"]
[EventType "team-swiss"]
[EventDate "2021.06.23"]

1. Nf3 {[%clk 01:30:40]} {[%emt 00:00:19]} Nf6 {[%clk 01:30:43]} {[%emt
00:00:18]} 2. c4 {[%clk 01:30:17]} {[%emt 00:00:52]} c5 {[%clk 01:30:58]}
{[%emt 00:00:16]} 3. e3 {[%clk 01:28:30]} {[%emt 00:02:17]} g6 {[%clk
01:28:36]} {[%emt 00:02:52]} 4. Nc3 {[%clk 01:27:53]} {[%emt 00:01:07]} Bg7
{[%clk 01:28:31]} {[%emt 00:00:35]} 5. d4 {[%clk 01:26:35]} {[%emt 00:01:47]}
cxd4 {[%clk 01:28:29]} {[%emt 00:00:33]} 6. exd4 {[%clk 01:24:59]} {[%emt
00:02:06]} O-O {[%clk 01:28:03]} {[%emt 00:00:56]} 7. Bd3 {[%clk 01:23:22]}
{[%emt 00:02:06]} d5 {[%clk 01:27:16]} {[%emt 00:01:17]} 8. c5 {[%clk
01:22:05]} {[%emt 00:01:48]} Nc6 {[%clk 01:26:23]} {[%emt 00:01:23]} 9. h3
{[%clk 01:21:06]} {[%emt 00:01:29]} Re8 {[%clk 01:22:36]} {[%emt 00:04:16]} 10.
Bf4 {[%clk 01:12:02]} {[%emt 00:09:35]} Nh5 {[%clk 01:18:19]} {[%emt 00:04:47]}
11. Be5 {[%clk 01:06:10]} {[%emt 00:06:22]} f6 {[%clk 01:11:53]} {[%emt
00:06:55]} 12. Bh2 {[%clk 01:03:48]} {[%emt 00:02:52]} e5 {[%clk 01:11:51]}
{[%emt 00:00:33]} 13. dxe5 {[%clk 01:03:42]} {[%emt 00:00:36]} fxe5 {[%clk
01:11:29]} {[%emt 00:00:52]} 14. Bb5 {[%clk 00:59:35]} {[%emt 00:04:36]} e4
{[%clk 01:07:11]} {[%emt 00:04:49]} 15. Bxc6 {[%clk 00:58:25]} {[%emt
00:01:40]} bxc6 {[%clk 01:05:25]} {[%emt 00:02:15]} 16. Nd4 {[%clk 00:53:12]}
{[%emt 00:05:44]} Qf6 {[%clk 01:05:12]} {[%emt 00:00:43]} 17. Nce2 {[%clk
00:50:12]} {[%emt 00:03:30]} Ba6 {[%clk 01:03:10]} {[%emt 00:02:32]} 18. g4
{[%clk 00:40:20]} {[%emt 00:10:22]} Bxe2 {[%clk 00:59:29]} {[%emt 00:01:59]}
19. Nxe2 {[%clk 00:40:33]} {[%emt 00:02:28]} Qf3 {[%clk 00:59:10]} {[%emt
00:00:50]} 20. O-O {[%clk 00:38:09]} {[%emt 00:02:54]} Nf6 {[%clk 00:53:26]}
{[%emt 00:06:14]} 21. Nf4 {[%clk 00:32:22]} {[%emt 00:06:16]} Qxd1 {[%clk
00:49:41]} {[%emt 00:04:16]} 22. Raxd1 {[%clk 00:31:52]} {[%emt 00:01:00]} Nd7
{[%clk 00:48:18]} {[%emt 00:01:52]} 23. b4 {[%clk 00:31:07]} {[%emt 00:01:15]}
Ne5 {[%clk 00:47:03]} {[%emt 00:01:45]} 24. Bg3 {[%clk 00:29:07]} {[%emt
00:02:30]} Rab8 {[%clk 00:45:39]} {[%emt 00:01:55]} 25. a3 {[%clk 00:26:20]}
{[%emt 00:03:18]} a5 {[%clk 00:44:59]} {[%emt 00:01:09]} 26. Ne2 {[%clk
00:21:30]} {[%emt 00:05:20]} axb4 {[%emt 00:00:45]} 27. Nd4 {[%clk 00:20:41]}
{[%emt 00:01:17]} bxa3 {[%clk 00:44:34]} {[%emt 00:00:42]} 28. Bxe5 {[%clk
00:20:51]} {[%emt 00:00:20]} Bxe5 {[%clk 00:44:42]} {[%emt 00:00:21]} 29. Nxc6
{[%clk 00:21:17]} {[%emt 00:00:04]} Rbc8 {[%clk 00:44:17]} {[%emt 00:00:56]}
30. Nxe5 {[%clk 00:21:16]} {[%emt 00:00:30]} Rxe5 {[%clk 00:44:34]} {[%emt
00:00:14]} 31. f4 {[%clk 00:20:00]} {[%emt 00:01:46]} Re7 {[%clk 00:44:02]}
{[%emt 00:01:02]} 32. Rxd5 {[%clk 00:18:08]} {[%emt 00:02:22]} e3 {[%clk
00:42:53]} {[%emt 00:01:39]} 33. c6 {[%clk 00:08:53]} {[%emt 00:09:45]} e2
{[%clk 00:42:05]} {[%emt 00:01:17]} 34. Re1 {[%clk 00:09:01]} {[%emt 00:00:23]}
Rxc6 {[%clk 00:42:19]} {[%emt 00:00:16]} 35. Ra5 {[%clk 00:06:44]} {[%emt
00:02:47]} Rc3 {[%clk 00:42:21]} {[%emt 00:00:27]} 36. Kf2 {[%clk 00:04:30]}
{[%emt 00:02:45]} Rxh3 {[%clk 00:40:41]} {[%emt 00:02:10]} 37. f5 {[%clk
00:02:37]} {[%emt 00:02:22]} gxf5 {[%clk 00:40:26]} {[%emt 00:00:45]} 38. gxf5
{[%clk 00:02:42]} {[%emt 00:00:25]} Kf7 {[%clk 00:40:05]} {[%emt 00:00:52]} 39.
Kg2 {[%clk 00:01:13]} {[%emt 00:01:59]} Rhe3 {[%clk 00:39:10]} {[%emt
00:01:24]} 40. Ra6 {[%clk 00:00:34]} {[%emt 00:01:09]} h5 {[%clk 00:28:51]}
{[%emt 00:10:49]} 41. Rh6 {[%clk 00:25:33]} {[%emt 00:05:31]} a2 {[%clk
00:58:23]} {[%emt 00:00:59]} 42. Ra6 {[%clk 00:25:37]} {[%emt 00:00:25]} h4
{[%clk 00:56:40]} {[%emt 00:02:13]} 43. Rxa2 {[%clk 00:25:58]} {[%emt
00:00:09]} R7e5 {[%clk 00:51:41]} {[%emt 00:05:29]} 44. Ra7+ {[%clk 00:24:18]}
{[%emt 00:02:10]} Kf6 {[%clk 00:51:47]} {[%emt 00:00:23]} 45. Rh7 {[%clk
00:23:55]} {[%emt 00:00:53]} Rg3+ {[%clk 00:50:37]} {[%emt 00:01:40]} 46. Kf2
{[%clk 00:21:51]} {[%emt 00:02:33]} Rxf5+ {[%clk 00:47:50]} {[%emt 00:03:19]}
47. Kxe2 {[%clk 00:22:04]} {[%emt 00:00:17]} Re5+ {[%clk 00:45:41]} {[%emt
00:02:39]} 48. Kf2 {[%clk 00:21:29]} {[%emt 00:01:04]} Rf5+ {[%clk 00:45:53]}
{[%emt 00:00:19]} 49. Ke2 {[%clk 00:21:39]} {[%emt 00:00:19]} Re5+ {[%clk
00:45:54]} {[%emt 00:00:29]} 50. Kf2 {[%clk 00:21:59]} {[%emt 00:00:10]} Rxe1
{[%clk 00:46:17]} {[%emt 00:00:07]} 51. Kxe1 {[%clk 00:22:26]} {[%emt
00:00:02]} Kg5 {[%clk 00:45:35]} {[%emt 00:01:13]} 52. Kf2 {[%clk 00:20:54]}
{[%emt 00:02:03]} Kg4 {[%clk 00:45:49]} {[%emt 00:00:15]} 53. Rh8 {[%clk
00:20:09]} {[%emt 00:01:14]} Kh3 {[%clk 00:45:34]} {[%emt 00:00:46]} 54. Rh7
{[%clk 00:19:28]} {[%emt 00:01:11]} Rg6 {[%clk 00:45:33]} {[%emt 00:00:31]} 55.
Rh8 {[%clk 00:18:22]} {[%emt 00:01:36]} Kg4 {[%clk 00:44:52]} {[%emt 00:01:10]}
56. Kg2 {[%clk 00:18:12]} {[%emt 00:00:41]} Kf4+ {[%clk 00:44:55]} {[%emt
00:00:27]} 57. Kh2 {[%clk 00:17:37]} {[%emt 00:01:05]} Kg4 {[%clk 00:45:01]}
{[%emt 00:00:24]} 1/2-1/2

[Event "DVM U20 2020"]
[Site "Willingen GER"]
[Date "2021.06.25"]
[Round "3"]
[White "Gluma, Christian"]
[Black "Bartelt, Max Peter"]
[Result "0-1"]
[Termination "normal"]
[Board "4.6"]
[WhiteElo "1864"]
[BlackElo "1823"]
[WhiteClock "00:24:34"]
[BlackClock "00:39:05"]
[WhiteTeam "Schachgesellschaft Bochum 1931"]
[BlackTeam "Schachfreunde Brackel 1930 e. V."]
[PlyCount "64"]
[WhiteFideId "16223209"]
[BlackFideId "12967289"]
[EventCountry "GER"]
[EventRounds "7"]
[EventType "team-swiss"]
[EventDate "2021.06.23"]

1. e4 {[%clk 01:30:59]} e6 {[%clk 01:30:55]} {[%emt 00:00:06]} 2. d4 {[%clk
01:31:25]} {[%emt 00:00:03]} d5 {[%clk 01:31:20]} {[%emt 00:00:05]} 3. Nd2
{[%clk 01:31:36]} {[%emt 00:00:19]} Nf6 {[%clk 01:31:46]} {[%emt 00:00:05]} 4.
e5 {[%clk 01:32:01]} {[%emt 00:00:04]} Nfd7 {[%clk 01:32:12]} {[%emt 00:00:04]}
5. c3 {[%clk 01:32:19]} {[%emt 00:00:12]} c5 {[%clk 01:32:39]} {[%emt
00:00:04]} 6. Bd3 {[%clk 01:32:19]} {[%emt 00:00:30]} Nc6 {[%clk 01:33:04]}
{[%emt 00:00:05]} 7. Ne2 {[%clk 01:32:40]} {[%emt 00:00:08]} cxd4 {[%clk
01:33:22]} {[%emt 00:00:13]} 8. cxd4 {[%clk 01:33:03]} {[%emt 00:00:06]} f6
{[%clk 01:33:44]} {[%emt 00:00:07]} 9. exf6 {[%emt 00:00:31]} Nxf6 {[%clk
01:34:09]} 10. O-O {[%clk 01:33:17]} {[%emt 00:00:19]} Bd6 {[%clk 01:34:30]}
{[%emt 00:00:10]} 11. Nf3 {[%clk 01:32:58]} {[%emt 00:00:49]} O-O {[%clk
01:34:46]} {[%emt 00:00:15]} 12. Ng3 {[%clk 01:27:28]} {[%emt 00:05:59]} Qc7
{[%clk 01:32:49]} {[%emt 00:02:27]} 13. Re1 {[%clk 01:22:03]} {[%emt 00:05:55]}
Bd7 {[%clk 01:31:24]} {[%emt 00:01:55]} 14. Bg5 {[%clk 01:19:13]} {[%emt
00:03:20]} Rae8 {[%clk 01:28:51]} {[%emt 00:03:02]} 15. Rc1 {[%clk 01:12:38]}
{[%emt 00:07:06]} Bf4 {[%clk 01:26:59]} {[%emt 00:02:22]} 16. Bxf6 {[%clk
01:04:50]} {[%emt 00:08:18]} gxf6 {[%clk 01:18:33]} {[%emt 00:08:56]} 17. Nh5
{[%clk 01:00:43]} {[%emt 00:04:37]} Bh6 {[%clk 01:09:15]} {[%emt 00:09:47]} 18.
Nh4 {[%clk 00:52:08]} {[%emt 00:09:05]} e5 {[%clk 01:03:44]} {[%emt 00:06:02]}
19. Bf5 {[%clk 00:40:19]} {[%emt 00:12:19]} Bxf5 {[%clk 00:53:57]} {[%emt
00:10:17]} 20. Rxc6 {[%clk 00:37:27]} {[%emt 00:03:22]} bxc6 {[%clk 00:52:45]}
{[%emt 00:01:42]} 21. Nxf5 {[%clk 00:37:49]} {[%emt 00:00:08]} Bg5 {[%clk
00:52:31]} {[%emt 00:00:44]} 22. h4 {[%clk 00:37:36]} {[%emt 00:00:43]} Bf4
{[%clk 00:42:21]} {[%emt 00:10:40]} 23. g3 {[%clk 00:36:59]} {[%emt 00:01:07]}
Qd7 {[%clk 00:39:31]} {[%emt 00:03:19]} 24. Qg4+ {[%clk 00:32:12]} {[%emt
00:05:18]} Kh8 {[%clk 00:39:55]} {[%emt 00:00:06]} 25. gxf4 {[%clk 00:27:09]}
{[%emt 00:05:34]} Rg8 {[%clk 00:39:55]} {[%emt 00:00:29]} 26. Nhg7 {[%clk
00:27:21]} {[%emt 00:00:17]} Re7 {[%clk 00:38:52]} {[%emt 00:01:34]} 27. Qh5
{[%clk 00:25:41]} {[%emt 00:02:11]} Rexg7+ {[%clk 00:38:36]} {[%emt 00:00:45]}
28. Nxg7 {[%clk 00:23:57]} {[%emt 00:02:14]} Qxg7+ {[%clk 00:38:27]} {[%emt
00:00:39]} 29. Kf1 {[%clk 00:24:20]} {[%emt 00:00:07]} Qg2+ {[%clk 00:38:42]}
{[%emt 00:00:15]} 30. Ke2 {[%clk 00:24:47]} {[%emt 00:00:03]} Qe4+ {[%clk
00:38:49]} {[%emt 00:00:23]} 31. Kf1 {[%clk 00:24:11]} {[%emt 00:01:05]} Qd3+
{[%clk 00:39:05]} {[%emt 00:00:15]} 32. Qe2 {[%clk 00:24:34]} {[%emt 00:00:06]}
Qh3# {[%emt 00:00:04]} 0-1